1466 1640 1144 1474 1185 1500 1190 1333 1134 1350 1821 1853 1959 1711 1344 1335 1447 1735 1414 1206 1258 1533 1102 1677 1572 1417 1935 1113 1431 1308 1521 1586 1618 1559 1530 1632 1472 1238 1030 1812 1943 1995 1499 1770 1932 1705 1721 1421 1612 1371 1746 1931 1168 1794 1083 1800 1835 1903 1902 1263 1750 1286 1258 1810 1688 1013 1184 1652 1112 1551 1050 1221 1144 1218 1797 1880 1449 1017 1874 1579 1008 1995 1536 1546 1091 1844 1447 1028 1189 1638 1728 1532 1683 1886 1378 1117 1056 1580 1759 BCNSPRNW ULIB Ver.6.0+V

เปลี่ยนเป็นภาษาไทย

Change to English
 แสดงรายละเอียดบรรณานุกรม
  กลับหน้าหลัก

Brief Record : Get Marc (ISO 2709) : E-mail record : QR code < ปิดหน้าต่าง
LEADER : 00000nam 2200000uu 4500
001    13399126914
003     ULIB
008    190904s2561||||th 000 0 tha d
020    ^a9786164786684
060    ^aWM141^bณ17ศ
100    ^aณรงค์ สุภัทรพันธุ์
245    ^aศาสตร์และศิลป์ของการสัมภาษณ์ทางจิตเวชศาสตร์/^bณรงค์ สุภัทรพันธุ์
250    ^aพิมพ์ครั้งที่ 4
260    ^aกรุงเทพฯ :^bสามเจริญพาณิชย์,^c2561
300    ^a312 หน้า
650    ^aจิตเวชศาสตร์
650  0 ^aInterview Psychological
650  0 ^aการสัมภาษณ์ทางจิต
945    ^p320^l0^i27574
945    ^p320^l0^i27575
945    ^p320^l0^i27576
945    ^p320^l0^i27617
945    ^p320^l0^i27618
945    ^p320^l0^i28000
945    ^p320^l0^i28001
999    ^aกัณชพร จุลอักษร
รายการนี้ยังไม่มีแท็ก
คุณยังไม่ได้ล็อกอิน คุณสามารถมีกิจกรรมร่วมกับเว็บไซต์ได้ แต่ต้องล็อกอินก่อน ::
  ล็อกอิน

รายการสื่อสารสนเทศ

ลำดับที่ ประเภท เลขเรียก/บาร์โค้ด สถานที่ สถานะ
1. หนังสือสำรอง
หนังสือสำรอง
WM141 ณ17ศ ฉ.1 
  Barcode: 27574
ห้องสมุดวิทยาเขตนครสวรรค์
►หนังสือทั่วไป:l:General Books
บนชั้น
2. วิทยาศาสตร์การแพทย์ และสุขภาพ
วิทยาศาสตร์การแพทย์ และสุขภาพ
WM141 ณ17ศ ฉ.2 
  Barcode: 27575
ห้องสมุดวิทยาเขตนครสวรรค์
►หนังสือทั่วไป:l:General Books
บนชั้น
3. วิทยาศาสตร์การแพทย์ และสุขภาพ
วิทยาศาสตร์การแพทย์ และสุขภาพ
WM141 ณ17ศ ฉ.3 
  Barcode: 27576
ห้องสมุดวิทยาเขตนครสวรรค์
►หนังสือทั่วไป:l:General Books
บนชั้น
4. วิทยาศาสตร์การแพทย์ และสุขภาพ
วิทยาศาสตร์การแพทย์ และสุขภาพ
WM141 ณ17ศ ฉ.4 
  Barcode: 27617
ห้องสมุดวิทยาเขตนครสวรรค์
►หนังสือทั่วไป:l:General Books
บนชั้น
5. วิทยาศาสตร์การแพทย์ และสุขภาพ
วิทยาศาสตร์การแพทย์ และสุขภาพ
WM141 ณ17ศ ฉ.5 
  Barcode: 27618
ห้องสมุดวิทยาเขตนครสวรรค์
►หนังสือทั่วไป:l:General Books
บนชั้น
6. วิทยาศาสตร์การแพทย์ และสุขภาพ
วิทยาศาสตร์การแพทย์ และสุขภาพ
WM141 ณ17ศ ฉ.6 
  Barcode: 28000
ห้องสมุดวิทยาเขตนครสวรรค์
►หนังสือทั่วไป:l:General Books
บนชั้น
7. วิทยาศาสตร์การแพทย์ และสุขภาพ
วิทยาศาสตร์การแพทย์ และสุขภาพ
WM141 ณ17ศ ฉ.7 
  Barcode: 28001
ห้องสมุดวิทยาเขตนครสวรรค์
►หนังสือทั่วไป:l:General Books
บนชั้น

รายการใกล้เคียง
    ผู้แต่ง [ณรงค์ สุภัทรพันธุ์]

    หัวเรื่อง [จิตเวชศาสตร์]
    หัวเรื่อง [Interview Psychological]
    หัวเรื่อง [การสัมภาษณ์ทางจิต]

BibComment


ยังไม่เคยถูกคอมเมนท์

คอมเมนท์ทรัพยากรรายการนี้
  คอมเมนท์: ศาสตร์และศิลป์ขอ..


 Copyright 2026. Bcnsprnw @Library